| 000 | 00768nam a2200253 a 4500 | ||
|---|---|---|---|
| 001 | 26259 | ||
| 003 | BD-RjUL | ||
| 005 | 20211209051006.0 | ||
| 008 | 140320r19531950enkabc 00110beng d | ||
| 035 | _a(BD-RjUL)26329 | ||
| 040 |
_aLC _beng _cLC _dAAWM _dBD-RjUL |
||
| 041 | _aeng | ||
| 082 | 0 | 0 |
_a923.543 _219 _bYOR 1953 |
| 100 | 1 |
_aYoung, Desmond. _980735 |
|
| 245 | 1 | 0 |
_aRommel / _cby Desmond Young. |
| 260 |
_aLondon : _bCollins, _c1950 [impression 1953]. |
||
| 300 |
_a288 p. : _bill., maps, ports. ; _c22 cm. |
||
| 500 | _aMaps on lining papers. | ||
| 500 | _aIncludes index. | ||
| 600 | 1 | 0 |
_aRommel, Erwin, _d1891-1944. _980739 |
| 650 | 0 |
_aMarshals _zGermany _xBiography. _980737 |
|
| 650 | 0 |
_aWorld War, 1939-1945 _zGermany _xBiography. _980738 |
|
| 942 |
_2ddc _cBK |
||
| 999 |
_c26259 _d26259 |
||